Зенкеры; ГОСТ 12489-71 Зенкеры цельные. Конструкция и размеры; ГОСТ 3231-71 Зенкеры, оснащенные пластинками из твердого сплава. Конструкция и размеры; ГОСТ 2255-71 Зенкеры насадные со вставными ножами из быстрорежущей стали. Конструкция и размеры; ГОСТ 16858-71 Ножи из быстрорежущей стали для насадных зенкеров. Конструкция и размеры; ГОСТ 16859-71 Клинья для зенкеров со вставными ножами. Конструкция и размеры; ГОСТ 1677-75 Зенкеры цельные и со вставнными ножами из быстрорежущей стали . Технические требования; ГОСТ 12509-75 Зенкеры, оснащенные пластинками из твердого сплава. Технические требования
| Korporativní autor: | |
|---|---|
| Jazyk: | ruština |
| Vydáno: |
Москва, Издательство стандартов, 1978
|
| Vydání: | Изд. официальное |
| TOC: | ГОСТ 12489-71 Зенкеры цельные. Конструкция и размеры; ГОСТ 3231-71 Зенкеры, оснащенные пластинками из твердого сплава. Конструкция и размеры; ГОСТ 2255-71 Зенкеры насадные со вставными ножами из быстрорежущей стали. Конструкция и размеры; ГОСТ 16858-71 Ножи из быстрорежущей стали для насадных зенкеров. Конструкция и размеры; ГОСТ 16859-71 Клинья для зенкеров со вставными ножами. Конструкция и размеры; ГОСТ 1677-75 Зенкеры цельные и со вставнными ножами из быстрорежущей стали . Технические требования; ГОСТ 12509-75 Зенкеры, оснащенные пластинками из твердого сплава. Технические требования; |
| Edice: | Государственные стандарты |
| Témata: | |
| Médium: | MixedMaterials Kniha |
| KOHA link: | https://koha.lib.tpu.ru/cgi-bin/koha/opac-detail.pl?biblionumber=148640 |
MARC
| LEADER | 00000nam0a2200000 4500 | ||
|---|---|---|---|
| 001 | 148640 | ||
| 005 | 20231031145539.0 | ||
| 035 | |a (RuTPU)RU\TPU\book\161169 | ||
| 035 | |a RU\TPU\book\161137 | ||
| 090 | |a 148640 | ||
| 100 | |a 20081205d1978 km y0rusy50 ca | ||
| 101 | 0 | |a rus | |
| 102 | |a RU | ||
| 105 | |a a l 000zy | ||
| 200 | 1 | |a Зенкеры | |
| 205 | |a Изд. официальное | ||
| 210 | |a Москва |c Издательство стандартов |d 1978 | ||
| 215 | |a 59 с. |c ил. | ||
| 225 | 1 | |a Государственные стандарты | |
| 464 | |t ГОСТ 12489-71 Зенкеры цельные. Конструкция и размеры | ||
| 464 | |t ГОСТ 3231-71 Зенкеры, оснащенные пластинками из твердого сплава. Конструкция и размеры | ||
| 464 | |t ГОСТ 2255-71 Зенкеры насадные со вставными ножами из быстрорежущей стали. Конструкция и размеры | ||
| 464 | |t ГОСТ 16858-71 Ножи из быстрорежущей стали для насадных зенкеров. Конструкция и размеры | ||
| 464 | |t ГОСТ 16859-71 Клинья для зенкеров со вставными ножами. Конструкция и размеры | ||
| 464 | |t ГОСТ 1677-75 Зенкеры цельные и со вставнными ножами из быстрорежущей стали . Технические требования | ||
| 464 | |t ГОСТ 12509-75 Зенкеры, оснащенные пластинками из твердого сплава. Технические требования | ||
| 610 | 1 | |a ГОСТы | |
| 610 | 1 | |a конструкция | |
| 610 | 1 | |a размеры | |
| 610 | 1 | |a зенкеры | |
| 610 | 1 | |a технические требования | |
| 712 | 0 | 1 | |a СССР |b Государственный комитет стандартов (Госстандарт) |c (1970-1978) |2 stltpush |3 (RuTPU)RU\TPU\col\4389 |
| 801 | 1 | |a RU |b 63413507 |c 20031205 |g PSBO | |
| 801 | 2 | |a RU |b 63413507 |c 20221208 |g PSBO | |
| 942 | |c BK | ||